| 000 | 00361 a2200133 4500 | ||
|---|---|---|---|
| 082 | _a954.6 | ||
| 090 |
_c6197 _d6197 |
||
| 100 | _aSeyyid Hussamuddin Rashdi. | ||
| 245 |
_aTADHKIRA SHU'RAI KASHMIR. _cSayyid Hussamuddin Rashdi. |
||
| 260 |
_aLahore. _bIqbal Academy Pakistan. _c1982. |
||
| 300 | _a1577p. | ||
| 500 | _aHard cover. | ||
| 942 |
_aNBS _cBK _k954.6 RAS |
||
| 999 |
_c348571 _d348571 |
||